header

Assessing information security (Record no. 133224)

MARC details
000 -LEADER
fixed length control field 01283aam a2200325Ia 4500
082 04 - DEWEY DECIMAL CLASSIFICATION NUMBER
Classification number 005.8
100 1# - MAIN ENTRY--AUTHOR NAME
Personal name Vladimirov, Andrew A.
245 10 - TITLE STATEMENT
Title Assessing information security
260 ## - PUBLICATION, DISTRIBUTION, ETC. (IMPRINT)
Place of publication Ely :
Name of publisher IT Governance Pub.,
Year of publication 2010.
300 ## - PHYSICAL DESCRIPTION
Number of Pages xii, 400 p. :
Other physical details ill.
650 #0 - SUBJECT ADDED ENTRY--TOPICAL TERM
Topical Term Computer security.
Topical Term Information technology.
700 1# - ADDED ENTRY--PERSONAL NAME
Personal name Gavrilenko, Konstantin V.
Personal name Mikhailovsky, Andrei A.
856 40 - ELECTRONIC LOCATION AND ACCESS
Uniform Resource Identifier http://site.ebrary.com/lib/rucke/Doc?id=10438087

No items available.

© 2026 Rongo University
Contact us: librarian | system librarian | Rongo university